000
00212 a2200097 4500
001
32577
100
_a
Thomas, L
245
_a
Bomber Commander
260
_a
London
_b
Sidgwick & Jackson
_c
090
_c
21793
_d
21793
942
_a
NUST-CAE
_c
M
_c
13106
999
_c
267650
_d
267650